| 000 | 00603nam a2200217 a 4500 | ||
|---|---|---|---|
| 005 | 20140310183329.0 | ||
| 008 | 110809s19uu xx 00 eng d | ||
| 020 | _a9812347738 | ||
| 050 |
_aBF 121 _b.Sm642 2003 |
||
| 100 | _aSmith, Edward E. | ||
| 245 |
_aAtkinson & Hilgard's introduction to psychology / _cEdward E. Smith |
||
| 250 | _a14th ed. | ||
| 260 |
_aSingapore : _bThomson Learning, _c2003. |
||
| 300 |
_a677 p. : _bill. ; _c24 cm. |
||
| 521 | _aPSYCH | ||
| 650 | _aPsychology. | ||
| 700 | _aSmith, Edward E... et al | ||
| 942 |
_cBK _2lcc _kFOR |
||
| 999 |
_c21519 _d21519 |
||